000
00325nam a2200157Ia 4500
001
9131
003
IN-NITTTR
005
20251114233044.0
008
251113s9999||||xx |||||||||||||| ||eng||
040
_b
eng
040
_c
IN-NITTTR
041
_a
eng
082
_a
615.535 S64A
245
0
_a
Apple a day /
942
_2
ddc
_c
BK
999
_c
11768
_d
11768